Statistics for U.S. Geography by Letter - V

Click here to take the quiz!

General Stats

  • This quiz has been taken 78 times
  • The average score is 10 of 15

Answer Stats

HintAnswer% Correct
State in New EnglandVermont
100%
State where 8 presidents were bornVirginia
100%
African religion associated with
Louisiana and Haiti
Voodoo
86%
LA beach area known for
canals and bodybuilders
Venice Beach
81%
St. Croix, St. Thomas, St. John, e.g.Virgin Islands
78%
Alaskan city with namesake of a
ship that spilled oil in 1989
Valdez
71%
Prestigious university in Nashville;
named for a shipping magnate
Vanderbilt
65%
Famous Colorado ski resortVail
63%
Nickname of TennesseeThe {Volunteer}
State
61%
Memorial wall in Washington D.C.{Vietnam} Memorial
61%
City in Washington state that is
part of Portland metropolitan area
Vancouver
57%
Where George Washington spent
a very cold winter
Valley Forge
51%
Mississippi city sieged
in the Civil War
Vicksburg
51%
Georgia's "The Azalea City"Valdosta
31%
National park in MinnesotaVoyageurs
17%

Score Distribution

Percentile by Number Answered

Percent of People with Each Score

Your Score History

You have not taken this quiz